Rallye Cars #1 - Statistics

General Stats
  • This quiz has been taken 474 times
  • The average score is 4 of 9
Answer Stats
Picture Answer % Correct
Audi Quattro
95%
Peugeot 205
67%
Toyota Celica
65%
Mitsubishi Lancer Evo
54%
Alpine A110
48%
Lancia Delta S4
44%
MG Metro
35%
Lancia Rally 037
10%
Ford Escort RS200
9%
No matching quizzes found
Score Distribution
Percent of People with Each Score
Percentile by Number Answered
Your Score History
You have not taken this quiz